000 00590nmc a2200241 a 4500
003 AR-Y00000XR
005 20251128211509.0
008 277020s1993 ||||||||||||||000 | spa||
020 _a0-8442-3830-9
040 _cAR-Y00000XR
100 1 _aKattán-Ibarra, Juan
245 1 0 _aFurther spanish
260 _aLincolnwood
_bNTC Publishing Group
_c1993
300 0 _a216 p.
490 0 _aTeach yourself books
650 4 _aGRAMATICA
650 4 _aINGLES
650 4 _aESPANOL
650 4 _aENSENANZA DE IDIOMAS
650 4 _aLENGUAJE HABLADO
942 _cBK
998 _cmi-desc
999 _c19908
_d19908